Movies Quiz

Random Movies or Clickable Quiz
Score 0/30 Timer 04:00
0 Plays Today
% Correct
Batman
96%
Bieber
95.7%
Black
95.2%
Bear
95.2%
Battle
94.7%
Barbarian
94.4%
Bridget
93.7%
Beasts
93.4%
Budapest
93.2%
Before
93.1%
Bosses
91.7%
Banks
91.6%
Blood
90.7%
Brooklyn's
89.6%
Benghazi
89.5%
% Correct
Billboards
88.9%
Beyond
86.9%
Bridge
85.7%
Best
85.2%
Breakers
84.6%
Birds
84.3%
Back
83.7%
By
81.8%
Boss
77.9%
Breaking
76.4%
Bernadette
72.6%
Bird
71.9%
Boy
68.4%
Birdman
68.3%
Beautiful
67.2%
Remove Ads.
Support Sporcle.
Get the best of Sporcle when you Go Orange. This ad-free experience offers more features, more stats, and more fun while also helping to support Sporcle. Thank you for becoming a member.

You're not logged in!

Compare scores with friends on all Sporcle quizzes.
OR
Log In

Show Comments

Extras

Top Quizzes Today


Score Distribution

Your Account Isn't Verified!

In order to create a playlist on Sporcle, you need to verify the email address you used during registration. Go to your Sporcle Settings to finish the process.

Report this User

Report this user for behavior that violates our Community Guidelines.

Details: